Statistics for Donna Tartt Bibliography

Click here to take the quiz!

General Stats

  • This quiz has been taken 22 times
  • The average score is 3 of 10

Answer Stats

TypeYearName% Correct
Novel2013The Goldfinch
100%
Novel1992The Secret History
100%
Novel2002The Little Friend
79%
Short Story1993A Christmas Pageant
5%
Short Story1995A Garter Snake
5%
Essay1992Sleeptown: A Southern Gothic Childhood, with Codeine
5%
Short Story1993Tam-O'-Shanter
5%
Essay1994Team Spirit: Memories of Being a Freshman Cheerleader for the Basketball Team
5%
Short Story2005The Ambush
5%
Essay1993Basketball Season
0%

Score Distribution

Percentile by Number Answered

Percent of People with Each Score

Your Score History

You have not taken this quiz